Làm nặng túi tiền /

Đã lưu trong:
Bibliografiske detaljer
Hovedforfatter: Hill, Napoleon
Format: Sách giấy
Sprog:Vietnamese
Udgivet: Đồng Tháp : Đồng Tháp , 1995
Tags: Tilføj Tag
Ingen Tags, Vær først til at tagge denne postø!
Thư viện lưu trữ: Thư viện Trường Đại học Đà Lạt
LEADER 00575nam a2200253 4500
001 DLU020011903
005 ##5/19/2000
020 # # |a 978- 
041 # # |a vie 
082 # # |a 650.1  |b HI-N 
090 # # |a 650.1  |b HI-N 
100 # # |a Hill, Napoleon 
245 # # |a Làm nặng túi tiền /  |c Hill Napoleon 
260 # # |a Đồng Tháp :  |b Đồng Tháp ,  |c 1995 
300 # # |a 396 tr.;   |c 19 cm. 
992 # # |a 28000 
994 # # |a DLU 
900 # # |a False 
911 # # |a Administrator 
925 # # |a G 
926 # # |a A 
927 # # |a SH 
980 # # |a Thư viện Trường Đại học Đà Lạt